[Event "4NCL Division 4 South"]
[Site "Reading, ENG"]
[Date "2017.04.29"]
[Round "9.96"]
[White "Couchman, Andrew"]
[Black "Faizi, Tariq"]
[Result "0-1"]
[WhiteElo "1130"]
[BlackElo "1410"]
[PlyCount "60"]
[EventDate "2017.04.29"]
[WhiteTeam "Sussex Martlets 3"]
[BlackTeam "The Pitstop"]

1. e4 c5 2. Bc4 d6 3. Nf3 Nf6 4. Nc3 Nc6 5. O-O Bg4 6. Be2 e6 7. d3 Be7 8. Re1
a6 9. b3 O-O 10. Bb2 b5 11. d4 Bxf3 12. Bxf3 Rc8 13. dxc5 dxc5 14. Qxd8 Rfxd8
15. Rad1 b4 16. Rxd8+ Rxd8 17. Na4 Rd2 18. e5 Nd5 19. Bd1 Nd4 20. Bxd4 cxd4 21.
Nb2 Nc3 22. Kf1 Bc5 23. Nd3 Be7 24. Nb2 a5 25. g3 Bc5 26. Nd3 Bb6 27. Nb2 Nxd1
28. Nxd1 Rxc2 29. Re2 d3 30. Rxc2 dxc2 0-1

[Event "4NCL Division 4 South"]
[Site "Reading, ENG"]
[Date "2017.04.29"]
[Round "9.101"]
[White "Balouka-Myers, Toby"]
[Black "Farr, Peter G"]
[Result "0-1"]
[WhiteElo "1592"]
[BlackElo "2117"]
[PlyCount "58"]
[EventDate "2017.04.29"]
[WhiteTeam "Barnet Knights 3"]
[BlackTeam "Kent Kestrels"]

1. c4 c5 2. Nc3 Nf6 3. Nf3 d5 4. d4 cxd4 5. Nxd4 e5 6. Nb3 d4 7. Nb1 Nc6 8. f4
e4 9. Na3 e3 10. Nc2 Ne4 11. Nxe3 Bb4+ 12. Bd2 Nxd2 13. Nc2 Nxb3+ 14. Nxb4 Nxa1
15. Nxc6 bxc6 16. Qxa1 Qa5+ 17. Kf2 Qd2 18. g3 O-O 19. Qe1 Qe3+ 20. Kg2 c5 21.
Qf2 Bb7+ 22. Kg1 Qxf2+ 23. Kxf2 Bxh1 24. Bg2 Bxg2 25. Kxg2 Rfe8 26. Kf3 f5 27.
h3 Re3+ 28. Kf2 Rae8 29. b3 Rxe2+ 0-1

[Event "4NCL Division 4 South"]
[Site "Reading, ENG"]
[Date "2017.04.29"]
[Round "9.102"]
[White "Watson, Mikey J"]
[Black "Vaidya, Pranav"]
[Result "1-0"]
[WhiteElo "1674"]
[BlackElo "842"]
[PlyCount "45"]
[EventDate "2017.04.29"]
[WhiteTeam "Kent Kestrels"]
[BlackTeam "Barnet Knights 3"]

1. Nf3 d5 2. g3 Nf6 3. Bg2 Nc6 4. d4 Bf5 5. O-O e6 6. a3 Bd6 7. b4 b5 8. Nbd2
Rb8 9. Nb3 Qd7 10. Nh4 Be4 11. f3 Bg6 12. Nxg6 hxg6 13. Nc5 Qc8 14. e4 e5 15.
Bb2 exd4 16. Bxd4 Ne5 17. exd5 Qf5 18. Qe2 Kf8 19. f4 Rxh2 20. fxe5 Bxe5 21.
Rxf5 Bxg3 22. Bxf6 Re8 23. Nd7+ 1-0

[Event "4NCL Division 4 South"]
[Site "Reading, ENG"]
[Date "2017.04.29"]
[Round "9.103"]
[White "Balouka-Myers, Raphael"]
[Black "Lettington, David"]
[Result "0-1"]
[WhiteElo "1480"]
[BlackElo "1660"]
[PlyCount "96"]
[EventDate "2017.04.29"]
[WhiteTeam "Barnet Knights 3"]
[BlackTeam "Kent Kestrels"]

1. c4 c6 2. Nc3 d5 3. e3 Nf6 4. b3 Bf5 5. Nge2 e6 6. g3 Bd3 7. Bg2 dxc4 8. bxc4
Bxc4 9. O-O Bb4 10. Re1 O-O 11. Bb2 Na6 12. a3 Ba5 13. Qb1 Nc5 14. d4 Nb3 15.
Ra2 Nd2 16. Qa1 Nd5 17. Rd1 Nb3 18. Qb1 Qg5 19. a4 Nxe3 20. fxe3 Qxe3+ 21. Kh1
Bxe2 22. Re1 Bxc3 23. Bxc3 Qxc3 24. Rexe2 Qc1+ 25. Bf1 Qxb1 26. Rf2 Nxd4 27.
Rad2 Rad8 28. Rb2 Qe4+ 29. Kg1 Nf3+ 30. Kh1 Ne1+ 31. Kg1 Nd3 32. Bxd3 Rxd3 33.
h3 Rd1+ 34. Rf1 Qd4+ 35. Rbf2 Rxf1+ 36. Kxf1 Qxf2+ 37. Kxf2 Rd8 38. Kf3 c5 39.
g4 c4 40. a5 c3 41. a6 bxa6 42. g5 c2 43. g6 hxg6 44. Kg4 c1=Q 45. Kf3 Qc4 46.
Kf2 Rd3 47. h4 Qc2+ 48. Ke1 Rd1# 0-1

[Event "4NCL Division 4 South"]
[Site "Reading, ENG"]
[Date "2017.04.29"]
[Round "9.104"]
[White "Kobler, Marius"]
[Black "Vaidya, Raghav"]
[Result "1/2-1/2"]
[WhiteElo "1405"]
[BlackElo "1372"]
[PlyCount "96"]
[EventDate "2017.04.29"]
[WhiteTeam "Kent Kestrels"]
[BlackTeam "Barnet Knights 3"]

1. e4 c5 2. Nf3 Nc6 3. c3 d5 4. exd5 Qxd5 5. d4 Nf6 6. c4 Qe4+ 7. Be3 Nb4 8.
Nc3 Qc2 9. Rb1 Bf5 10. Be2 Nxa2 11. O-O Nxc3 12. bxc3 Qxb1 13. Qxb1 Bxb1 14.
Rxb1 cxd4 15. Bxd4 b6 16. c5 bxc5 17. Bxf6 exf6 18. Bb5+ Kd8 19. Rd1+ Ke7 20.
Re1+ Kd6 21. Rd1+ Kc7 22. Rd7+ Kb6 23. Bc4 a5 24. h3 a4 25. Nd2 a3 26. Ba2 Kc6
27. Rd3 Bd6 28. Bd5+ Kc7 29. Bxa8 a2 30. Bf3 a1=Q+ 31. Nf1 c4 32. Re3 Kd8 33.
Re2 Qxc3 34. Rd2 Kc7 35. Rd1 Re8 36. Rb1 Re1 37. Rb7+ Kc8 38. Rb6 Bb4 39. Rc6+
Kd7 40. Ra6 Rxf1+ 41. Kh2 Bd6+ 42. Rxd6+ Kxd6 43. h4 Qe5+ 44. g3 Rxf2+ 45. Bg2
Qe4 46. Kh3 Qxg2+ 47. Kg4 f5+ 48. Kh5 Qxg3 1/2-1/2

[Event "4NCL Division 4 South"]
[Site "Reading, ENG"]
[Date "2017.04.29"]
[Round "9.105"]
[White "Carter, Gavin"]
[Black "Watson, Scarlet"]
[Result "1-0"]
[WhiteElo "1277"]
[BlackElo "827"]
[PlyCount "49"]
[EventDate "2017.04.29"]
[WhiteTeam "Barnet Knights 3"]
[BlackTeam "Kent Kestrels"]

1. e4 e5 2. Nf3 Nc6 3. Bb5 a6 4. Ba4 b5 5. Bb3 Bb4 6. a3 Bd6 7. d4 exd4 8. Nxd4
Nce7 9. Qf3 Nf6 10. e5 Nfd5 11. Bxd5 Nxd5 12. Qxd5 O-O 13. exd6 c6 14. Qf3 Re8+
15. Be3 c5 16. Ne2 Re6 17. Bxc5 a5 18. Qxa8 Qe8 19. Nbc3 b4 20. axb4 axb4 21.
Bxb4 Re5 22. Ra5 Re6 23. Rc5 Rxd6 24. Rxc8 Rd5 25. Rxe8# 1-0

[Event "4NCL Division 4 South"]
[Site "Reading, ENG"]
[Date "2017.04.29"]
[Round "9.106"]
[White "Wildman, Jo"]
[Black "Angelopoulos, Andreas"]
[Result "0-1"]
[WhiteElo "700"]
[BlackElo "1187"]
[PlyCount "62"]
[EventDate "2017.04.29"]
[WhiteTeam "Kent Kestrels"]
[BlackTeam "Barnet Knights 3"]

1. e4 c6 2. Nf3 d5 3. e5 Bg4 4. Nc3 e6 5. d4 Nd7 6. h3 Bh5 7. Bd3 f6 8. O-O
fxe5 9. dxe5 Nxe5 10. Qe1 Nxf3+ 11. gxf3 Qf6 12. Be2 Bb4 13. Qd1 Bxc3 14. f4
Bxe2 15. Qxe2 Ba5 16. Rb1 Bc7 17. Be3 Qf5 18. Kh2 Bxf4+ 19. Bxf4 Qxf4+ 20. Kg2
Qe4+ 21. Qxe4 dxe4 22. Rfe1 Nf6 23. b4 O-O 24. Rbd1 Rad8 25. Rb1 Rd2 26. Rb2
Rfd8 27. a4 R8d4 28. h4 Rc4 29. Rb3 Rcxc2 30. b5 Rxf2+ 31. Kh3 Rf3+ 0-1